[Event "XV Corsicoscacchi FIDE"]
[Site "Corsico ITA"]
[Date "1998.05.02"]
[Round "4"]
[White "Barlocco, Carlo"]
[Black "Sbarra, Marco"]
[Result "1/2-1/2"]
[WhiteElo "2180"]
[BlackElo "2245"]
[PlyCount "136"]
[EventDate "1998.04.30"]

1. d4 Nf6 2. c4 e6 3. Nc3 Bb4 4. Nf3 b6 5. e3 Bb7 6. Be2 O-O 7. O-O c5 8. Bd2
Nc6 9. Qc2 cxd4 10. exd4 Rc8 11. a3 Bxc3 12. Bxc3 Ne7 13. Bd2 Nf5 14. Be3 Qc7
15. Nd2 d5 16. b3 Rfd8 17. Qb2 Qd7 18. Rfd1 dxc4 19. Nxc4 Nd5 20. Rac1 Qe7 21.
Rd3 Ndxe3 22. fxe3 Qg5 23. Bf1 b5 24. Ne5 Rxc1 25. Qxc1 Rc8 26. Rc3 Rxc3 27.
Qxc3 Qxe3+ 28. Qxe3 Nxe3 29. Bxb5 Nc2 30. Bc6 Bc8 31. d5 f6 32. Nc4 Nd4 33. b4
Kf8 34. b5 exd5 35. Ne3 Be6 36. Bxd5 Bxd5 37. Nxd5 Nxb5 38. a4 Nd6 39. Kf2 Kf7
40. Ke3 Ke6 41. Kd4 Nb7 42. Nf4+ Kd6 43. Nh5 Nc5 44. Nxg7 Nxa4 45. Ne8+ Ke7 46.
Nc7 Kd7 47. Nd5 Ke6 48. Nc7+ Kf5 49. Nb5 a6 50. Nc7 a5 51. Nd5 h5 52. Ne7+ Kf4
53. Nc6 Nb2 54. Nxa5 Nd1 55. Nc4 h4 56. Kd3 Nf2+ 57. Ke2 Ng4 58. h3 Ne5 59. Ne3
f5 60. Kf2 Ke4 61. Nf1 Nd3+ 62. Ke2 Nf4+ 63. Kf2 Nd3+ 64. Ke2 Nc1+ 65. Kf2 Nb3
66. Nh2 Nd4 67. Nf1 Kd3 68. g3 hxg3+ 1/2-1/2

[Event "XV Corsicoscacchi FIDE"]
[Site "Corsico ITA"]
[Date "1998.05.02"]
[Round "4"]
[White "Cazzaniga, Walter"]
[Black "Ubezio, Marco"]
[Result "0-1"]
[WhiteElo "2175"]
[BlackElo "2190"]
[PlyCount "82"]
[EventDate "1998.04.30"]

1. d4 Nf6 2. c4 e5 3. dxe5 Ng4 4. Bf4 Bb4+ 5. Nd2 d6 6. exd6 Qf6 7. e3 Bxd6 8.
Ngf3 Bxf4 9. exf4 Qxf4 10. Qe2+ Be6 11. g3 Qd6 12. O-O-O O-O 13. Ne4 Qe7 14. h3
Nf6 15. Neg5 Re8 16. Nxe6 Qxe6 17. Qxe6 Rxe6 18. Nd4 Re8 19. Nb5 Na6 20. Bg2
Rab8 21. Bf3 Ne4 22. Rhe1 Nxf2 23. Rxe8+ Rxe8 24. Rd2 Nb4 25. Nxc7 Nbd3+ 26.
Kc2 Ne1+ 27. Kb1 Nxf3 28. Rxf2 Re1+ 29. Kc2 Ne5 30. Rd2 f6 31. Rd8+ Kf7 32. b3
Re2+ 33. Kc3 Re3+ 34. Kd2 Rxg3 35. Rb8 Rxh3 36. Rxb7 Rd3+ 37. Kc2 Rd7 38. Rxa7
h5 39. Nb5 Rxa7 40. Nxa7 h4 41. Nc8 Ke6 0-1

[Event "XV Corsicoscacchi FIDE"]
[Site "Corsico ITA"]
[Date "1998.05.02"]
[Round "4"]
[White "De Palma, Diego"]
[Black "Barberi, Alessandro"]
[Result "1/2-1/2"]
[WhiteElo "2110"]
[BlackElo "2125"]
[PlyCount "105"]
[EventDate "1998.04.30"]

1. d4 Nf6 2. Nf3 g6 3. c4 c5 4. e3 Bg7 5. Nc3 O-O 6. Be2 d6 7. O-O Nc6 8. d5
Nb4 9. a3 Na6 10. e4 e6 11. Bg5 h6 12. Bh4 g5 13. Bg3 e5 14. Nd2 Bd7 15. Rb1
Qc8 16. Nb5 Ne8 17. f3 Nac7 18. Bf2 b6 19. b4 a6 20. Nc3 Rb8 21. bxc5 dxc5 22.
Na4 Na8 23. Qc2 Nd6 24. Rb2 Qc7 25. Rfb1 f5 26. Qb3 Rb7 27. Nc3 f4 28. Qd1 Rfb8
29. Nb3 Qc8 30. Nd2 h5 31. h3 Bf8 32. Na4 Qe8 33. Nc3 Qg6 34. a4 a5 35. Nb5
Bxb5 36. cxb5 g4 37. fxg4 Rg7 38. Bf3 hxg4 39. hxg4 Rh7 40. Rc2 Nc7 41. Rcc1
Nce8 42. Qc2 Rbb7 43. Kf1 Nf6 44. Ke2 Nxg4 45. Rh1 Rbg7 46. Rxh7 Rxh7 47. Nc4
Nxc4 48. Qxc4 Bd6 49. Rf1 Nf6 50. Be1 Rh2 51. Rg1 Kf8 52. Bf2 Ng4 53. Ke1
1/2-1/2

[Event "XV Corsicoscacchi FIDE"]
[Site "Corsico ITA"]
[Date "1998.05.02"]
[Round "4"]
[White "Mariano, Elia"]
[Black "Nicolo', Filippo"]
[Result "1/2-1/2"]
[WhiteElo "2205"]
[BlackElo "1971"]
[PlyCount "36"]
[EventDate "1998.04.30"]

1. d4 f5 2. e4 fxe4 3. Nc3 Nf6 4. Bg5 Nc6 5. d5 Ne5 6. Qd4 Nf7 7. Bxf6 exf6 8.
O-O-O Be7 9. Nxe4 f5 10. Ng3 g6 11. h4 O-O 12. h5 Bf6 13. Qd2 b5 14. Nf3 c5 15.
dxc6 dxc6 16. Qxd8 Rxd8 17. Rxd8+ Nxd8 18. Bd3 Ne6 1/2-1/2

[Event "XV Corsicoscacchi FIDE"]
[Site "Corsico ITA"]
[Date "1998.05.02"]
[Round "4"]
[White "Mascheroni, Maurizio"]
[Black "Gabetto, Flaviano"]
[Result "0-1"]
[WhiteElo "2020"]
[BlackElo "2125"]
[PlyCount "68"]
[EventDate "1998.04.30"]

1. e4 c6 2. d4 d5 3. Nd2 dxe4 4. Nxe4 Nf6 5. Ng3 h5 6. h4 Bg4 7. Be2 Qc7 8.
Bxg4 hxg4 9. N1e2 e6 10. Bf4 Qb6 11. b3 c5 12. Be3 Nc6 13. Qd2 O-O-O 14. dxc5
Bxc5 15. Bxc5 Qxc5 16. Qc3 Qb6 17. Nf4 e5 18. Nd3 Nd5 19. Qc4 Qa5+ 20. Kf1 Kb8
21. Qxg4 Ndb4 22. Nxb4 Nxb4 23. c3 Nd3 24. Ne2 f5 25. Qg3 f4 26. Qf3 Qb6 27.
Nd4 Nc5 28. b4 Na4 29. Nb3 Qb5+ 30. Kg1 Rd3 31. Qg4 Nxc3 32. Qxg7 Ne2+ 33. Kf1
Rd1+ 34. Rxd1 Ng3+ 0-1

[Event "XV Corsicoscacchi FIDE"]
[Site "Corsico ITA"]
[Date "1998.05.02"]
[Round "4"]
[White "Podini, Francesco"]
[Black "Bozzali, Ermanno"]
[Result "1-0"]
[WhiteElo "2060"]
[BlackElo "2070"]
[PlyCount "74"]
[EventDate "1998.04.30"]

1. c4 c5 2. Nc3 Nf6 3. g3 g6 4. Bg2 Bg7 5. e4 d6 6. Nge2 Nc6 7. O-O O-O 8. d3
Ne8 9. Rb1 Nc7 10. h3 Rb8 11. Be3 Ne6 12. a3 Ned4 13. b4 b6 14. b5 Nxe2+ 15.
Nxe2 Nd4 16. Nxd4 cxd4 17. Bd2 Bb7 18. Qb3 Qd7 19. a4 Kh8 20. f4 f5 21. Rfe1
fxe4 22. dxe4 e5 23. Qd3 a5 24. bxa6 Bxa6 25. Rb4 Rfc8 26. Reb1 Bf8 27. Rxb6
Rxb6 28. Rxb6 Bxc4 29. Qa3 exf4 30. gxf4 d5 31. Bb4 Bxb4 32. Qxb4 dxe4 33. Rb7
Qe8 34. Re7 Qf8 35. Qd6 d3 36. Qd4+ Kg8 37. Qxe4 d2 1-0

[Event "XV Corsicoscacchi FIDE"]
[Site "Corsico ITA"]
[Date "1998.05.02"]
[Round "4"]
[White "Zoldan, Matteo"]
[Black "Marcoli, Paolo"]
[Result "1/2-1/2"]
[WhiteElo "2100"]
[BlackElo "2145"]
[PlyCount "83"]
[EventDate "1998.04.30"]

1. c4 Nf6 2. Nc3 g6 3. e4 d6 4. d4 Bg7 5. f3 O-O 6. Be3 e5 7. Nge2 c6 8. d5
cxd5 9. cxd5 Nbd7 10. Qd2 a6 11. g4 h5 12. h3 Nh7 13. Rg1 h4 14. Nc1 g5 15. b4
Bf6 16. Nb3 Re8 17. Rg2 Nhf8 18. Qf2 Ng6 19. Qg1 Nf4 20. Rc2 Rf8 21. Rac1 Bg7
22. Na4 Qf6 23. Qf2 Ng6 24. Rc7 Ne7 25. Na5 Rb8 26. R1c3 b5 27. Nb2 Re8 28. Nd3
Nf8 29. Nc6 Nxc6 30. R3xc6 Ra8 31. Bc5 Rd8 32. Bxd6 Rxd6 33. Rxc8 Rxc8 34. Rxc8
Kh7 35. Qe3 Kg6 36. Kf2 Nd7 37. Nc5 Nb6 38. Rb8 Qf4 39. Rb7 Qh2+ 40. Bg2 Nc4
41. Qc1 Rf6 42. Qc3 1/2-1/2

[Event "XV Corsicoscacchi FIDE"]
[Site "Corsico ITA"]
[Date "1998.05.02"]
[Round "5"]
[White "Barberi, Alessandro"]
[Black "Barlocco, Carlo"]
[Result "0-1"]
[WhiteElo "2125"]
[BlackElo "2180"]
[PlyCount "98"]
[EventDate "1998.04.30"]

1. d4 d5 2. c4 c6 3. Nc3 Nf6 4. Bg5 Ne4 5. Nxe4 dxe4 6. f3 h6 7. Be3 Bf5 8.
fxe4 Bxe4 9. Nf3 Nd7 10. g3 Bxf3 11. exf3 e5 12. Bh3 Bb4+ 13. Kf2 O-O 14. a3
Ba5 15. b4 Bc7 16. d5 Nb6 17. dxc6 bxc6 18. Qc2 Qf6 19. Rhe1 Rfe8 20. Qe4 Nc8
21. Rad1 Nb6 22. Rd3 Rad8 23. Red1 Rxd3 24. Rxd3 Rd8 25. Rxd8+ Bxd8 26. Ke2 Be7
27. Bd2 Na4 28. Bd7 Nb6 29. Bxc6 Qe6 30. c5 f5 31. Qd3 Qxc6 32. cxb6 e4 33.
fxe4 fxe4 34. Qb3+ Kh7 35. bxa7 Qa6+ 36. Kf2 Qxa7+ 37. Qe3 Qb7 38. Qd4 Bf6 39.
Qc4 h5 40. h4 g6 41. Be3 Qe7 42. Qd5 Bb2 43. Qb3 Qf6+ 44. Bf4 Bc1 45. b5 Bxf4
46. gxf4 Qxh4+ 47. Qg3 e3+ 48. Kf3 Qxg3+ 49. Kxg3 h4+ 0-1

[Event "XV Corsicoscacchi FIDE"]
[Site "Corsico ITA"]
[Date "1998.05.02"]
[Round "5"]
[White "Cazzaniga, Walter"]
[Black "Aglietti, Graziano"]
[Result "1/2-1/2"]
[WhiteElo "2175"]
[BlackElo "2060"]
[PlyCount "102"]
[EventDate "1998.04.30"]

1. d4 Nf6 2. c4 g6 3. Nc3 d5 4. cxd5 Nxd5 5. e4 Nxc3 6. bxc3 Bg7 7. Nf3 O-O 8.
Be3 c5 9. Rb1 Nc6 10. Be2 Qa5 11. O-O cxd4 12. cxd4 Rd8 13. d5 Qxa2 14. Nd2 Na5
15. Bc5 Bd7 16. Bxe7 Ba4 17. Ra1 Bxd1 18. Rxa2 Bxe2 19. Bxd8 Bxf1 20. Bxa5 Bb5
21. Bc7 Rc8 22. d6 Be5 23. g3 a6 24. f4 Bd4+ 25. Kg2 Kf8 26. Nf3 Bc3 27. Rc2
Ba5 28. Nd4 Bxc7 29. Nxb5 axb5 30. Rxc7 Rb8 31. d7 Rd8 32. Rxb7 Ke7 33. Kf3
Rxd7 34. Rxb5 h5 35. Re5+ Kf6 36. Rd5 Ra7 37. Rd6+ Ke7 38. Rd3 Ra2 39. h4 Ke6
40. Rb3 Ke7 41. e5 Ke6 42. Rb5 Ke7 43. Rb3 Ke6 44. g4 hxg4+ 45. Kxg4 Rg2+ 46.
Kf3 Rh2 47. Kg3 Rh1 48. Rb6+ Ke7 49. Rf6 Re1 50. Kf2 Rh1 51. Kg3 Re1 1/2-1/2

[Event "XV Corsicoscacchi FIDE"]
[Site "Corsico ITA"]
[Date "1998.05.02"]
[Round "5"]
[White "Gabetto, Flaviano"]
[Black "Mariano, Elia"]
[Result "0-1"]
[WhiteElo "2125"]
[BlackElo "2205"]
[PlyCount "74"]
[EventDate "1998.04.30"]

1. e4 d5 2. exd5 Qxd5 3. Nc3 Qa5 4. d4 Nf6 5. Nf3 Bg4 6. h3 Bh5 7. g4 Bg6 8.
Ne5 e6 9. Bg2 c6 10. O-O Nbd7 11. Bf4 Nxe5 12. Bxe5 Be7 13. a3 h5 14. b4 Qd8
15. g5 Nd7 16. Bh2 Bxg5 17. b5 O-O 18. bxc6 bxc6 19. Ne4 Be7 20. c3 Nf6 21.
Nxf6+ Bxf6 22. Qa4 Qb6 23. Bd6 Rfc8 24. Rfd1 Qd8 25. Bh2 Qb6 26. Rac1 Bg5 27.
f4 Bd8 28. c4 Bf6 29. c5 Qb7 30. Qa5 Bf5 31. Rc4 Qb3 32. Rdc1 Qe3+ 33. Kh1 Bxh3
34. Bxh3 Qxh3 35. R4c3 Qf5 36. Rf3 Bxd4 37. Qd2 Rd8 0-1

[Event "XV Corsicoscacchi FIDE"]
[Site "Corsico ITA"]
[Date "1998.05.02"]
[Round "5"]
[White "Griffa, Roberto"]
[Black "Bozzali, Ermanno"]
[Result "1-0"]
[WhiteElo "2075"]
[BlackElo "2070"]
[PlyCount "53"]
[EventDate "1998.04.30"]

1. d4 Nf6 2. Nf3 g6 3. Bg5 Bg7 4. Nbd2 d5 5. e3 O-O 6. Be2 c5 7. c3 Nc6 8. O-O
Bf5 9. dxc5 h6 10. Bxf6 Bxf6 11. Qa4 e5 12. e4 dxe4 13. Nxe4 Be7 14. Rfd1 Qc7
15. Nd6 Rad8 16. Nxf5 gxf5 17. b4 Bf6 18. Bb5 Ne7 19. Qb3 e4 20. Nd4 Qe5 21.
Bc4 Ng6 22. Nb5 a6 23. Rxd8 Bxd8 24. Nd6 Bc7 25. Bxf7+ Kg7 26. Qe6 Qxe6 27.
Bxe6 1-0

[Event "XV Corsicoscacchi FIDE"]
[Site "Corsico ITA"]
[Date "1998.05.02"]
[Round "5"]
[White "Marcoli, Paolo"]
[Black "Podini, Francesco"]
[Result "1-0"]
[WhiteElo "2145"]
[BlackElo "2060"]
[PlyCount "53"]
[EventDate "1998.04.30"]

1. e4 c5 2. Nf3 e6 3. d4 cxd4 4. Nxd4 Nf6 5. Nc3 d6 6. f4 Be7 7. Bb5+ Bd7 8. e5
dxe5 9. fxe5 Nd5 10. Nxd5 exd5 11. Bxd7+ Qxd7 12. O-O Bc5 13. Kh1 Bxd4 14. Qxd4
Nc6 15. Qc5 b6 16. Qa3 Nd4 17. Rf2 Rc8 18. Qd3 Ne6 19. Be3 O-O 20. Rd1 Rfd8 21.
c3 Qc7 22. Bd4 Qc4 23. Qf5 Rc7 24. a3 Qb3 25. Rdf1 Rdd7 26. h4 b5 27. Qxe6 1-0

[Event "XV Corsicoscacchi FIDE"]
[Site "Corsico ITA"]
[Date "1998.05.02"]
[Round "5"]
[White "Mascheroni, Maurizio"]
[Black "De Palma, Diego"]
[Result "1/2-1/2"]
[WhiteElo "2020"]
[BlackElo "2110"]
[PlyCount "29"]
[EventDate "1998.04.30"]

1. e4 c5 2. Nf3 d6 3. d4 cxd4 4. Nxd4 Nf6 5. Nc3 g6 6. Be2 Bg7 7. O-O Nc6 8.
Be3 O-O 9. Qd2 d5 10. exd5 Nxd5 11. Nxd5 Qxd5 12. Bf3 Qc4 13. Be2 Qd5 14. Bf3
Qc4 15. Be2 1/2-1/2

[Event "XV Corsicoscacchi FIDE"]
[Site "Corsico ITA"]
[Date "1998.05.02"]
[Round "5"]
[White "Sbarra, Marco"]
[Black "Ubezio, Marco"]
[Result "1-0"]
[WhiteElo "2245"]
[BlackElo "2190"]
[PlyCount "67"]
[EventDate "1998.04.30"]

1. d4 Nf6 2. c4 e5 3. dxe5 Ng4 4. Bf4 Bb4+ 5. Nd2 d6 6. exd6 Qf6 7. e3 g5 8.
Bg3 Bxd6 9. Ngf3 Bxg3 10. hxg3 Nc6 11. Bd3 Be6 12. Qb3 O-O-O 13. Ne4 Qe7 14.
Nexg5 Nce5 15. Be4 c6 16. Nxe6 Qxe6 17. Qc2 Kb8 18. Nxe5 Qxe5 19. Bf3 Nxe3 20.
fxe3 Qxe3+ 21. Qe2 Qg5 22. Rh5 Qxg3+ 23. Kf1 Rhe8 24. Qf2 Qf4 25. Rh4 Qg5 26.
Re1 Re6 27. Rxe6 fxe6 28. Rd4 Rf8 29. Qd2 Qf6 30. Rd7 e5 31. Kg1 e4 32. Bxe4
Re8 33. Bf3 Qf5 34. Rd8+ 1-0

[Event "XV Corsicoscacchi FIDE"]
[Site "Corsico ITA"]
[Date "1998.05.03"]
[Round "6"]
[White "De Palma, Diego"]
[Black "Cazzaniga, Walter"]
[Result "1-0"]
[WhiteElo "2110"]
[BlackElo "2175"]
[PlyCount "47"]
[EventDate "1998.04.30"]

1. d4 Nf6 2. Nf3 g6 3. c4 Bg7 4. Nc3 d6 5. g3 O-O 6. Bg2 c6 7. h3 a6 8. O-O b5
9. c5 Nfd7 10. cxd6 exd6 11. Bf4 Nb6 12. a3 Be6 13. e4 d5 14. e5 N8d7 15. Qc1
Rc8 16. Bh6 c5 17. Bxg7 Kxg7 18. Qf4 cxd4 19. Nxd4 Rc4 20. Rad1 Qe7 21. Qe3 b4
22. axb4 Rxb4 23. Nc6 d4 24. Rxd4 1-0

[Event "XV Corsicoscacchi FIDE"]
[Site "Corsico ITA"]
[Date "1998.05.03"]
[Round "6"]
[White "Gabetto, Flaviano"]
[Black "Aglietti, Graziano"]
[Result "0-1"]
[WhiteElo "2125"]
[BlackElo "2060"]
[PlyCount "52"]
[EventDate "1998.04.30"]

1. e4 c5 2. b4 cxb4 3. d4 d5 4. e5 Nc6 5. a3 Bf5 6. axb4 Qb6 7. Ne2 Nxb4 8. Na3
Rc8 9. Nf4 Nxc2+ 10. Nxc2 Bxc2 11. Qg4 e6 12. Nxd5 Qb3 13. Ra5 Bb4+ 14. Nxb4
Qxb4+ 15. Ke2 Bd1+ 16. Kxd1 Qb3+ 17. Ke2 Rxc1 18. Rc5 Qd1+ 19. Ke3 Qxg4 20.
Bb5+ Kf8 21. Rhxc1 g6 22. Rc7 Ne7 23. Rxb7 Qg5+ 24. f4 Nd5+ 25. Ke2 Qxg2+ 26.
Ke1 Qg1+ 0-1

[Event "XV Corsicoscacchi FIDE"]
[Site "Corsico ITA"]
[Date "1998.05.03"]
[Round "6"]
[White "Mariano, Elia"]
[Black "Barlocco, Carlo"]
[Result "1-0"]
[WhiteElo "2205"]
[BlackElo "2180"]
[PlyCount "79"]
[EventDate "1998.04.30"]

1. d4 d5 2. c4 c6 3. Nf3 Nf6 4. Nc3 e6 5. cxd5 cxd5 6. Bf4 Nc6 7. e3 Be7 8. Bd3
O-O 9. O-O Bd7 10. Rc1 Rc8 11. h3 Na5 12. Qe2 Nc4 13. Ne5 b5 14. b3 Nxe5 15.
dxe5 Ne4 16. Nxe4 dxe4 17. Bxb5 Bxb5 18. Qxb5 Qd2 19. Rxc8 Rxc8 20. Qb7 Rc1 21.
Rxc1 Qxc1+ 22. Kh2 Qa3 23. Qb8+ Bf8 24. Bg5 h6 25. Bd8 g6 26. Bc7 Kg7 27. Qd8
Be7 28. Bd6 Bxd8 29. Bxa3 Bc7 30. Bd6 Bxd6 31. exd6 Kf8 32. Kg1 Ke8 33. Kf1 Kd7
34. Ke2 Kxd6 35. Kd2 f5 36. Kc3 g5 37. g4 e5 38. Kc4 Ke6 39. b4 Kd6 40. b5 1-0

[Event "XV Corsicoscacchi FIDE"]
[Site "Corsico ITA"]
[Date "1998.05.03"]
[Round "6"]
[White "Podini, Francesco"]
[Black "Nicolo', Filippo"]
[Result "1-0"]
[WhiteElo "2060"]
[BlackElo "1971"]
[PlyCount "81"]
[EventDate "1998.04.30"]

1. c4 c6 2. d4 d5 3. cxd5 cxd5 4. Nf3 Nc6 5. Nc3 Nf6 6. g3 Bf5 7. a3 e6 8. Bg2
Be7 9. O-O h6 10. b4 O-O 11. Bb2 Nd7 12. Na4 Nb6 13. Nd2 Nxa4 14. Qxa4 Qb6 15.
b5 a6 16. bxc6 Qxb2 17. e4 dxe4 18. Nxe4 bxc6 19. Nc5 Rad8 20. Qxc6 Qxd4 21.
Nxa6 Bf6 22. Nb4 Qb2 23. Qa6 Qb3 24. Rac1 Bb2 25. Rc7 Bxa3 26. Nc6 Rd1 27. Qe2
Rxf1+ 28. Qxf1 Bd3 29. Qe1 Qb6 30. Ra7 Bc5 31. Ra1 Rc8 32. Rd1 Bh7 33. Ne5 Bd4
34. Nf3 Bc5 35. Ne5 Bd4 36. Nf3 Bc5 37. Qd2 Be7 38. Ne5 Rd8 39. Nd7 Qb5 40. Bf1
Bf5 41. Bxb5 1-0

[Event "XV Corsicoscacchi FIDE"]
[Site "Corsico ITA"]
[Date "1998.05.03"]
[Round "6"]
[White "Ubezio, Marco"]
[Black "Marcoli, Paolo"]
[Result "1/2-1/2"]
[WhiteElo "2190"]
[BlackElo "2145"]
[PlyCount "88"]
[EventDate "1998.04.30"]

1. d4 Nf6 2. Bg5 Ne4 3. Bf4 c5 4. f3 Qa5+ 5. c3 Nf6 6. Nd2 cxd4 7. Nb3 Qf5 8.
Bxb8 Rxb8 9. Qxd4 b6 10. e4 Qf4 11. Nh3 Qc7 12. e5 Ng8 13. Ng5 f6 14. exf6 gxf6
15. Ne4 e5 16. Qc4 Qxc4 17. Bxc4 f5 18. Bxg8 fxe4 19. Bd5 exf3 20. gxf3 Bb7 21.
Rd1 Bh6 22. Rg1 Ke7 23. Ke2 Bxd5 24. Rxd5 d6 25. Nd2 Bxd2 26. Kxd2 Rhg8 27. Rg3
Rxg3 28. hxg3 Rg8 29. g4 h5 30. gxh5 Rg2+ 31. Ke3 Rxb2 32. Rd2 Rxd2 33. Kxd2
Kf6 34. Ke3 Kg5 35. Ke4 Kxh5 36. Kd5 Kg5 37. Kxd6 Kf4 38. c4 a5 39. a4 e4 40.
fxe4 Kxe4 41. Kc6 Kd4 42. Kb5 Kd3 43. c5 bxc5 44. Kxc5 Ke4 1/2-1/2

[Event "XV Corsicoscacchi FIDE"]
[Site "Corsico ITA"]
[Date "1998.05.03"]
[Round "6"]
[White "Zoldan, Matteo"]
[Black "Sbarra, Marco"]
[Result "1/2-1/2"]
[WhiteElo "2100"]
[BlackElo "2245"]
[PlyCount "49"]
[EventDate "1998.04.30"]

1. e4 e5 2. Nc3 Nf6 3. Bc4 Nxe4 4. Qh5 Nd6 5. Bb3 Be7 6. Nf3 Nc6 7. Nxe5 g6 8.
Nxc6 dxc6 9. Qf3 Bf6 10. O-O O-O 11. d3 Bg7 12. Ne4 Bf5 13. c3 a5 14. Ng3 Bd7
15. d4 a4 16. Bc2 Re8 17. Bf4 Qh4 18. Bxd6 cxd6 19. Rfe1 Qf6 20. Qd3 Rxe1+ 21.
Rxe1 Be6 22. a3 b5 23. Ne4 Qd8 24. Qg3 Bf5 25. Bd1 1/2-1/2

[Event "II Open A"]
[Site "Teramo ITA"]
[Date "1998.04.??"]
[Round "?"]
[White "Calandri, Fausto"]
[Black "Lauria, Amilcare"]
[Result "0-1"]
[WhiteElo "2100"]
[BlackElo "2240"]
[PlyCount "70"]
[EventDate "1998.04.30"]

1. e4 g6 2. d4 Bg7 3. Nf3 d6 4. Be2 Nf6 5. Nc3 O-O 6. O-O Nc6 7. d5 Ne5 8. Nxe5
dxe5 9. Bg5 h6 10. Be3 Kh7 11. Qd3 Ne8 12. Rad1 Nd6 13. Nb5 a6 14. Na3 f5 15.
f3 Bd7 16. c4 f4 17. Bf2 Qe8 18. c5 Nf7 19. Rc1 g5 20. Rc3 h5 21. Rfc1 Bf6 22.
Qd1 Rg8 23. c6 bxc6 24. dxc6 Be6 25. Bc4 Bxc4 26. Rxc4 Rd8 27. Qe2 g4 28. Kh1
gxf3 29. gxf3 Ng5 30. Rd1 Nh3 31. Rxd8 Qxd8 32. Rc1 Qd3 33. Re1 Bh4 34. Ba7
Bxe1 35. Qxd3 Bf2 0-1

[Event "II Open A"]
[Site "Teramo ITA"]
[Date "1998.04.??"]
[Round "?"]
[White "Del Rio Angelis, Salvador Gabriel"]
[Black "Komljenovic, Davorin"]
[Result "1-0"]
[WhiteElo "2395"]
[BlackElo "2425"]
[PlyCount "156"]
[EventDate "1998.04.30"]

1. e4 g6 2. d4 Bg7 3. Nc3 d6 4. Bc4 Nf6 5. f4 Nxe4 6. Bxf7+ Kxf7 7. Nxe4 Rf8 8.
c3 Kg8 9. Qb3+ Kh8 10. Nf3 c6 11. Nfg5 Qe8 12. O-O h6 13. Ne6 Bxe6 14. Qxe6 Qf7
15. Qg4 Na6 16. Bd2 Qf5 17. Qe2 Rae8 18. Rae1 Qb5 19. Qg4 Qf5 20. Qh4 Kg8 21.
Bc1 Nc7 22. Ng3 Qf6 23. Qg4 e6 24. Ne4 Qf5 25. Qxf5 gxf5 26. Nxd6 Rb8 27. Nc4
Kf7 28. Rf3 Rfd8 29. Rh3 Nd5 30. Ne5+ Kg8 31. Rg3 Kh7 32. Nd3 Re8 33. Rh3 b6
34. Ne5 Rbc8 35. Nf7 Re7 36. Nd6 Rd8 37. Nc4 Rdd7 38. Rf3 Rc7 39. Rf2 Kg6 40.
Rfe2 Kf7 41. Bd2 b5 42. Ne5+ Bxe5 43. fxe5 h5 44. Rf1 c5 45. dxc5 Rxc5 46. Re4
Rd7 47. Rxf5+ exf5 48. e6+ Ke7 49. Bg5+ Kd6 50. exd7 Kxd7 51. Re5 Kd6 52. Rxf5
Ke6 53. Rf3 a5 54. Be3 Rc8 55. Bd4 b4 56. Rh3 a4 57. cxb4 Nf4 58. Re3+ Kd5 59.
Bc5 Ne6 60. Rh3 Rh8 61. Be3 Rc8 62. Rxh5+ Ke4 63. Bc5 Rd8 64. Rh4+ Ke5 65. Be3
Rc8 66. Rh5+ Ke4 67. Bc5 Rd8 68. Rh4+ Ke5 69. Be3 Rd1+ 70. Kf2 Rb1 71. b3 a3
72. Kf3 Rf1+ 73. Bf2 Ng5+ 74. Ke3 Ne6 75. Rh5+ Kd6 76. Ra5 Rb1 77. Rxa3 Nc7 78.
Bg3+ Kc6 1-0

[Event "II Open A"]
[Site "Teramo ITA"]
[Date "1998.04.??"]
[Round "?"]
[White "Luciani, Valerio"]
[Black "Contin, Daniel"]
[Result "0-1"]
[WhiteElo "2220"]
[BlackElo "2300"]
[PlyCount "56"]
[EventDate "1998.04.30"]

1. e4 e6 2. d4 d5 3. Nc3 Bb4 4. exd5 exd5 5. Bd3 Nc6 6. a3 Be7 7. Qf3 Nf6 8.
Nge2 Bg4 9. Qg3 O-O 10. O-O Qd7 11. h3 Bh5 12. Bg5 Bg6 13. Bxg6 hxg6 14. Rad1
Rfe8 15. Nf4 Qf5 16. Bxf6 Bxf6 17. Nfxd5 Bxd4 18. Kh1 Bxc3 19. bxc3 Re5 20. Nb4
Rc5 21. Nd3 Rxc3 22. Qxc7 Qc8 23. Qxc8+ Rxc8 24. Nb4 Rxa3 25. Nxc6 Rxc6 26.
Rd8+ Kh7 27. Rd7 b5 28. Rb7 a6 0-1

[Event "II Open A"]
[Site "Teramo ITA"]
[Date "1998.04.??"]
[Round "?"]
[White "Mitkov, Nikola"]
[Black "Naumkin, Igor"]
[Result "1-0"]
[WhiteElo "2500"]
[BlackElo "2435"]
[PlyCount "69"]
[EventDate "1998.04.30"]

1. e4 e6 2. Nc3 d5 3. d4 Bb4 4. e5 c5 5. a3 Bxc3+ 6. bxc3 Ne7 7. Qg4 O-O 8. Bd3
f5 9. Qh3 Qa5 10. Bd2 c4 11. Be2 Qa4 12. Bd1 Nbc6 13. Nf3 Bd7 14. O-O Rac8 15.
Kh1 Rc7 16. Rg1 Bc8 17. Ng5 h6 18. Nf3 Kh7 19. Nh4 Nd8 20. g4 fxg4 21. Qxg4 Rf7
22. Qg3 Qe8 23. Bh5 Qf8 24. Bxf7 Qxf7 25. Rg2 Nf5 26. Qg4 Nc6 27. Nxf5 exf5 28.
Qh4 Re7 29. Rag1 Qf8 30. Qh5 Bd7 31. Qg6+ Kh8 32. Bxh6 gxh6 33. Qf6+ Qxf6 34.
Rg8+ Kh7 35. exf6 1-0

[Event "II Scaccomatto A"]
[Site "Torino ITA"]
[Date "1998.04.25"]
[Round "1"]
[White "Aldrovandi, Costantino"]
[Black "Ragni, Paolo"]
[Result "1-0"]
[WhiteElo "2235"]
[BlackElo "2028"]
[PlyCount "111"]
[EventDate "1998.04.25"]

1.e4 e5 2.Nf3 Nc6 3.Bb5 g6 4.O-O Bg7 5.c3 d6 6.d4 Bd7 7.Bg5 Nge7 8.Qd2 f6 
9.Bh6 O-O 10.Na3 Kh8 11.Bxg7+ Kxg7 12.Rad1 a6 13.Be2 Qe8 14.Nc2 Rd8 15.Qc1
Bc8 16.Rfe1 Qf7 17.b3 Kh8 18.Bc4 Qg7 19.b4 g5 20.a4 Ng6 21.dxe5 dxe5 22.
Nd2 Nf4 23.Ne3 Ne7 24.Ndf1 c6 25.a5 h5 26.Rxd8 Rxd8 27.Rd1 Qf8 28.Rd2 Be6 
29.Qd1 Rxd2 30.Qxd2 Neg6 31.Bxe6 Nxe6 32.Qd7 Qe7 33.Qc8+ Ngf8 34.Ng3 h4 
35.Ngf5 Qd7 36.Qxd7 Nxd7 37.Nd6 Nd8 38.Kf1 Kg7 39.Ke2 Ne6 40.Nxb7 c5 41.
Kd3 cxb4 42.cxb4 h3 43.g3 Kg6 44.Kc4 Nd4 45.Nc5 Nb8 46.Kd5 Nf3 47.Nf1 Nd4 
48.g4 Kf7 49.Nd3 Ke7 50.Ne1 Nbc6 51.Kc5 Kd7 52.Ne3 Nb3+ 53.Kc4 Nd2+ 54.Kd3
Nb1 55.Nd5 Kd6 56.Nc2 1-0

[Event "II Scaccomatto A"]
[Site "Torino ITA"]
[Date "1998.04.25"]
[Round "1"]
[White "Burlando, Alessandro"]
[Black "Lampic, Teo"]
[Result "0-1"]
[WhiteElo "2112"]
[BlackElo "2295"]
[PlyCount "76"]
[EventDate "1998.04.25"]

1.d4 d6 2.c4 e5 3.Nc3 c6 4.Nf3 Nd7 5.e4 Ngf6 6.Be2 h6 7.h3 Be7 8.Be3 Qc7 
9.Rc1 b6 10.Qc2 Bb7 11.d5 c5 12.Nb5 Qd8 13.Nh2 Nh7 14.Bg4 a6 15.Bxd7+ Qxd7
16.Nc3 O-O 17.Nf3 b5 18.b3 b4 19.Ne2 f5 20.exf5 Qxf5 21.Qxf5 Rxf5 22.Ng3 
Rf7 23.Nd2 a5 24.O-O a4 25.f4 exf4 26.Rxf4 Bg5 27.Re4 axb3 28.axb3 Bf6 29.
Re6 Bb2 30.Rb1 Be5 31.Rxe5 dxe5 32.Bxc5 Nf6 33.Bxb4 Ra2 34.Re1 Bxd5 35.
cxd5 Nxd5 36.Bc5 Rxd2 37.Rxe5 Nf4 38.Be3 Rxg2+ 0-1

[Event "II Scaccomatto A"]
[Site "Torino ITA"]
[Date "1998.04.25"]
[Round "1"]
[White "Cacco, Christian"]
[Black "Cebalo, Miso"]
[Result "0-1"]
[WhiteElo "2180"]
[BlackElo "2515"]
[PlyCount "72"]
[EventDate "1998.04.25"]

1.d4 Nf6 2.Nf3 g6 3.c4 Bg7 4.Nc3 O-O 5.e4 d6 6.Be2 c5 7.O-O Nc6 8.d5 Na5 
9.Ne1 e5 10.Be3 b6 11.b3 Ne8 12.Rc1 f5 13.exf5 gxf5 14.f4 e4 15.Qd2 Kh8 
16.Nd1 Bf6 17.Rb1 Rg8 18.a3 Qe7 19.b4 Nb7 20.Bf2 Bd7 21.Ne3 Ng7 22.Qd1 Qf7
23.Kh1 h5 24.Rg1 Qg6 25.g3 Qh6 26.h4 Kh7 27.N1g2 Qg6 28.Kh2 Bd4 29.Qb3 Ne8
30.Nd1 Ba4 31.Bxh5 Qxh5 32.Qxa4 Nf6 33.Nde3 Rg7 34.Qd1 Rag8 35.Rb3 Qf3 36.
Nxf5 Ng4+ 0-1

[Event "II Scaccomatto A"]
[Site "Torino ITA"]
[Date "1998.04.25"]
[Round "1"]
[White "David, Alberto"]
[Black "Astengo, Corrado"]
[Result "1-0"]
[WhiteElo "2525"]
[BlackElo "2180"]
[PlyCount "53"]
[EventDate "1998.04.25"]

1.e4 c5 2.Nf3 d6 3.d4 Nf6 4.Nc3 cxd4 5.Nxd4 a6 6.f4 e6 7.Qf3 Qc7 8.g4 Nc6 
9.Nxc6 Qxc6 10.g5 Nd7 11.a4 b6 12.h4 Bb7 13.h5 Nc5 14.Bg2 b5 15.axb5 axb5 
16.Rxa8+ Bxa8 17.Bf1 Qb7 18.Bxb5+ Kd8 19.Bd3 f5 20.gxf6 gxf6 21.f5 d5 22.
fxe6 Nxe4 23.Bxe4 dxe4 24.Qxf6+ Qe7 25.Qxh8 e3 26.Qd4+ Kc8 27.Qd7+ 1-0